MARC details
| 000 -LEADER |
| fixed length control field |
02092cas a2200493 a 4500 |
| 001 - CONTROL NUMBER |
| control field |
13175567 |
| 003 - CONTROL NUMBER IDENTIFIER |
| control field |
OSt |
| 005 - DATE AND TIME OF LATEST TRANSACTION |
| control field |
20230704100456.0 |
| 008 - FIXED-LENGTH DATA ELEMENTS--GENERAL INFORMATION |
| fixed length control field |
980817c19829999cc ar l 0 0eng c |
| 010 ## - LIBRARY OF CONGRESS CONTROL NUMBER |
| LC control number |
2003202735 |
| Canceled/invalid LC control number |
88151593 |
| 035 ## - SYSTEM CONTROL NUMBER |
| System control number |
(OCoLC)ocm39704410 |
| 040 ## - CATALOGING SOURCE |
| Original cataloging agency |
LUI |
| Language of cataloging |
eng |
| Transcribing agency |
LUI |
| Modifying agency |
OCL |
| -- |
DLC |
| -- |
OCLCQ |
| -- |
OCLCF |
| -- |
OCLCO |
| -- |
YLS |
| -- |
OCL |
| 041 1# - LANGUAGE CODE |
| Language code of text/sound track or separate title |
eng |
| Language code of original |
chi |
| 042 ## - AUTHENTICATION CODE |
| Authentication code |
pcc |
| 043 ## - GEOGRAPHIC AREA CODE |
| Geographic area code |
a-cc--- |
| 082 ## - DEWEY DECIMAL CLASSIFICATION NUMBER |
| Classification number |
340.251 |
| Item number |
LAC |
| 110 1# - MAIN ENTRY--CORPORATE NAME |
| Corporate name or jurisdiction name as entry element |
China. |
| 240 10 - UNIFORM TITLE |
| Uniform title |
Laws, etc. (Zhonghua Renmin Gongheguo fa lü hui bian). |
| Language of a work |
English |
| 245 14 - TITLE STATEMENT |
| Title |
The laws of the People's Republic of China / |
| Statement of responsibility, etc. |
compiled by the Legislative Affairs Commission of the Standing Committee of the National People's Congress of the People's Republic of China. |
| 260 ## - PUBLICATION, DISTRIBUTION, ETC. (IMPRINT) |
| Place of publication, distribution, etc. |
Beijing : |
| Name of publisher, distributor, etc. |
Foreign Languages Press, |
| Date of publication, distribution, etc. |
1987- |
| 300 ## - PHYSICAL DESCRIPTION |
| Extent |
v. ; |
| Dimensions |
26 cm. |
| 310 ## - CURRENT PUBLICATION FREQUENCY |
| Current publication frequency |
Annual |
| 336 ## - CONTENT TYPE |
| Content type term |
text |
| Content type code |
txt |
| Source |
rdacontent |
| 337 ## - MEDIA TYPE |
| Media type term |
unmediated |
| Media type code |
n |
| Source |
rdamedia |
| 338 ## - CARRIER TYPE |
| Carrier type term |
volume |
| Carrier type code |
nc |
| Source |
rdacarrier |
| 362 0# - DATES OF PUBLICATION AND/OR SEQUENTIAL DESIGNATION |
| Dates of publication and/or sequential designation |
Vol. 1 (1979/1982)- |
| 500 ## - GENERAL NOTE |
| General note |
Translation of: Zhonghua Renmin Gongheguo fa lü hui bian. |
| 500 ## - GENERAL NOTE |
| General note |
"First edition." |
| 500 ## - GENERAL NOTE |
| General note |
Publisher varies, v. 3-7: Science Press; v. 8-10: Publishing House of Law; v. 11- : Law Press. |
| 588 ## - SOURCE OF DESCRIPTION NOTE |
| Source of description note |
Latest issue consulted: Vol. 25 (2013) (surrogate). |
| 650 #0 - SUBJECT ADDED ENTRY--TOPICAL TERM |
| Topical term or geographic name as entry element |
Law |
| Geographic subdivision |
China |
| Form subdivision |
Periodicals. |
| 650 #7 - SUBJECT ADDED ENTRY--TOPICAL TERM |
| Topical term or geographic name as entry element |
Law. |
| Source of heading or term |
fast |
| Authority record control number |
(OCoLC)fst00993678 |
| 651 #7 - SUBJECT ADDED ENTRY--GEOGRAPHIC NAME |
| Geographic name |
China. |
| Source of heading or term |
fast |
| Authority record control number |
(OCoLC)fst01206073 |
| 655 #7 - INDEX TERM--GENRE/FORM |
| Genre/form data or focus term |
Statutes and codes |
| Source of term |
fast |
| Authority record control number |
(OCoLC)fst01774314 |
| 655 #7 - INDEX TERM--GENRE/FORM |
| Genre/form data or focus term |
Periodicals. |
| Source of term |
fast |
| Authority record control number |
(OCoLC)fst01411641 |
| 655 #7 - INDEX TERM--GENRE/FORM |
| Genre/form data or focus term |
Statutes and codes. |
| Source of term |
lcgft |
| 710 1# - ADDED ENTRY--CORPORATE NAME |
| Corporate name or jurisdiction name as entry element |
China. |
| Subordinate unit |
Quan guo ren min dai biao da hui. |
| -- |
Chang wu wei yuan hui. |
| -- |
Fa zhi gong zuo wei yuan hui. |
| 765 0# - ORIGINAL LANGUAGE ENTRY |
| Main entry heading |
China. |
| Uniform title |
Laws, etc. (Zhonghua Renmin Gongheguo fa lü hui bian). |
| Title |
Zhonghua Renmin Gongheguo fa lü hui bian |
| Record control number |
(DLC) 90645849 |
| 776 08 - ADDITIONAL PHYSICAL FORM ENTRY |
| Relationship information |
Online version: |
| Main entry heading |
China. |
| Title |
Laws, etc. (Zhonghua Renmin Gongheguo fa lü hui bian). English |
| Record control number |
(OCoLC)646867281 |
| 906 ## - LOCAL DATA ELEMENT F, LDF (RLIN) |
| a |
7 |
| b |
cbc |
| c |
serials |
| d |
2 |
| e |
ncip |
| f |
20 |
| g |
n-oclcserc |
| 942 ## - ADDED ENTRY ELEMENTS (KOHA) |
| Source of classification or shelving scheme |
Dewey Decimal Classification |
| Koha item type |
Books |